| 000 | 00701nam a2200193 i 4500 | ||
|---|---|---|---|
| 001 | 106951 | ||
| 003 | ES-MaACL | ||
| 005 | 20251007171525.0 | ||
| 007 | t| | ||
| 008 | 061121s1918 sp r ||||1| spa d | ||
| 100 | 1 |
_aMoreno Recio, Mariano. _983425 |
|
| 245 | 1 | 4 |
_aLos partidos políticos europeos (hasta 1914) _b: su historia, sus doctrinas, sus hombres / _cMariano Moreno Recio ; prólogo de Manuel González Hontoria. |
| 260 |
_aMadrid : _bBiblioteca Nueva, _c1918. |
||
| 300 |
_a468 p. ; _c19 cm. |
||
| 650 | 4 |
_aPartidos políticos- _zEuropa. _9150600 |
|
| 700 | 1 |
_aGonzález-Hontoria y Fernández Ladreda, Manuel, _d1878-1954 _958721 |
|
| 852 |
_aES-MaACL _jF-8453 |
||
| 999 |
_c106951 _d106951 |
||